Kongresy prinášajú peniaze aj reputáciu
Konferenčný cestovný ruch - najvýnosnejšia oblasť cestovného ruchu. Činnosť Convention Bureau v rámci oblastnej organizácie cestovného ruchu v Bratislave. Bratislava ako MICE destinácia (meetings, incentives, conferences, events). Viedeň ako jedna z najúspešnejších svetových kongresových destinácií....
Gespeichert in:
| 1. Verfasser: | |
|---|---|
| Format: | Buchkapitel |
| Sprache: | Slowakisch |
| Schlagworte: | |
| Tags: |
Keine Tags, Fügen Sie das erste Tag hinzu!
|
MARC
| LEADER | 00000naa a2200000 4500 | ||
|---|---|---|---|
| 001 | 0230049 | ||
| 005 | 20221104112638.7 | ||
| 041 | 0 | |a slo | |
| 044 | |a SK | ||
| 245 | 1 | 0 | |a Kongresy prinášajú peniaze aj reputáciu |c Jarmila Horváthová |
| 520 | |a Konferenčný cestovný ruch - najvýnosnejšia oblasť cestovného ruchu. Činnosť Convention Bureau v rámci oblastnej organizácie cestovného ruchu v Bratislave. Bratislava ako MICE destinácia (meetings, incentives, conferences, events). Viedeň ako jedna z najúspešnejších svetových kongresových destinácií. Najúspešnejšie krajiny v kongresovom turizme (2015). Najúspešnejšie mestá v kongresovom turizme (2015). | ||
| 610 | 2 | 0 | |a ruch cestovný kongresový |
| 610 | 2 | 0 | |a organizácie |
| 610 | 2 | 0 | |a náklady |
| 610 | 2 | 0 | |a príjmy |
| 610 | 2 | 0 | |a mestá |
| 610 | 2 | 0 | |a Slovensko |
| 100 | 1 | |a Horváthová, Jarmila | |